| 000 | 00439nam a22001697a 4500 | ||
|---|---|---|---|
| 003 | LK-CoMWRAF | ||
| 005 | 20240701123645.0 | ||
| 008 | 240626b |||||||| |||| 00| 0 eng d | ||
| 040 |
_aLK-CoMWRAF _dLK-CoMWRAF _eLK-CoMWRAF |
||
| 041 | _aeng | ||
| 082 |
_a170 _bMOR |
||
| 245 |
_aMoral Science series: _bbook V (for standard VII) |
||
| 260 |
_aChennai: _bMacmillan, _c1971 |
||
| 300 | _a202 p.; ill | ||
| 650 | _aMORAL SCIENCE | ||
| 942 | _cBK | ||
| 999 |
_c4946 _d4946 |
||